[Event "RUS-ch U20"]
[Site "Kolontaevo"]
[Date "1997.??.??"]
[Round "?"]
[White "Belozerov, Andrei"]
[Black "Zakharov, Alexander S"]
[Result "1-0"]
[WhiteElo "2420"]
[BlackElo "2330"]

1.Nf3 d5 2.g3 Nf6 3.Bg2 c6 4.O-O Bg4 5.d3 Nbd7 6.Nbd2 e5 7.e4 dxe4 8.dxe4 Bc5
9.c3 a5 10.Qc2 O-O 11.Nc4 Qc7 12.Ne3 Bh5 13.Nf5 b5 14.Bg5 h6 15.Bd2 Rfd8
16.h3 Nf8 17.b4 Bb6 18.g4 Bg6 19.c4 axb4 20.c5 Ba5 21.Be3 Ne6 22.Rad1 b3
23.axb3 Bb4 24.Rxd8+ Rxd8 25.Nxe5 Qxe5 26.Ne7+ Kf8 27.Nxc6 Bxe4 28.Bxe4 Qxe4
29.Qxe4 Nxe4 30.Nxd8 Nxd8 31.Rd1 Nc6 32.f3 Ng5 33.Kg2 Ne6 34.Rd6 Ned8 35.f4 Ke7
36.Kf3 Ba5 37.Ke4 Bc7 38.Rd1 Nb7 39.h4 Nba5 40.h5 Ke6 41.g5 Ne7 42.g6 f5+
43.Kf3 Nac6 44.Bc1 Nd5 45.Re1+ Kd7 46.Rd1 Ke6 47.Re1+ Kd7 48.Bb2 Nxf4 49.Bxg7 Nxh5
50.Bb2 Ne7 51.g7 Ng8 52.c6+ Kd6 53.Re8 Nxg7 54.Bxg7 Ne7 55.Bf8  1-0

[Event "RUS-ch (Women) sf"]
[Site "Kolontaevo"]
[Date "1997.??.??"]
[Round "?"]
[White "Sorokina, Tamara"]
[Black "Ruchieva, Natalia"]
[Result "1/2-1/2"]
[WhiteElo "2125"]
[BlackElo "2215"]

1.Nf3 d5 2.g3 Nf6 3.Bg2 c6 4.b3 Bf5 5.O-O e6 6.Bb2 Bd6 7.d3 O-O 8.Nbd2 h6
9.c4 Bh7 10.Re1 Nbd7 11.a3 a5 12.e4 dxe4 13.Nxe4 Nxe4 14.dxe4 Qe7 15.Qd4 e5
16.Qc3 Rfd8 17.Nh4 Qe8 18.b4 Nb6 19.c5 Na4 20.Qc2 Nxb2 21.Qxb2 Be7 22.Nf3 axb4
23.axb4 Rxa1 24.Qxa1 Bf6 25.Qc3 Bg6 26.h3 Bh5 27.g4 Bg6 28.Bf1 Qe7 29.Re3 h5
30.gxh5 Bxh5 31.Rd3 Rxd3 32.Qxd3 Qe6 33.Bg2 Be7 34.Kh2 Bxf3 35.Bxf3 Bh4 36.Kg2 Qa2
37.Qe2 Qb3 38.Qe1 Qc4 39.Bg4 Qd4 40.Bc8 b6 41.cxb6 Qxb6 42.Bd7 Qc7 43.Qd2 Qd8
44.Qd6 Qb6 45.Qc5 Qxc5 46.bxc5 Be7  1/2-1/2

[Event "RUS-ch (Women) sf"]
[Site "Kolontaevo"]
[Date "1997.??.??"]
[Round "?"]
[White "Struchkova, Svetlana"]
[Black "Sidorova, Elena"]
[Result "1/2-1/2"]
[WhiteElo "2245"]
[BlackElo "2150"]

1.Nf3 d5 2.g3 c6 3.Bg2 Bg4 4.h3 Bh5 5.d3 e6 6.Nbd2 Nd7 7.e4 Bd6 8.O-O Ngf6
9.Qe2 Qc7 10.Re1 dxe4 11.dxe4 e5 12.g4 Bg6 13.Nh4 O-O 14.Nf5 Bc5 15.Nf1 Rfe8
16.N1g3 Nf8 17.g5 N6d7 18.h4 Ne6 19.Qg4 Nf4 20.Bf1 b5 21.h5 Bxf5 22.exf5 f6
23.g6 h6 24.Ne4 Bf8 25.a4 a6 26.Be3 Nd5 27.c4 Nxe3 28.fxe3 b4 29.c5 Kh8 30.Rac1 Qa5
31.b3 Nxc5 32.Nxc5 Bxc5 33.Qc4 Ba7 34.Qxc6 e4 35.Bh3  1/2-1/2

[Event "RUS-ch (Women) sf+"]
[Site "Kolontaevo"]
[Date "1997.??.??"]
[Round "?"]
[White "Chasovnikova, Eugenia"]
[Black "Trofimova, Olga"]
[Result "1-0"]
[WhiteElo "2200"]
[BlackElo "2235"]

1.Nf3 d5 2.g3 e6 3.Bg2 Nf6 4.b3 Be7 5.c4 O-O 6.O-O c5 7.cxd5 Nxd5 8.Bb2 Nc6
9.d4 b6 10.e4 Nc7 11.d5 exd5 12.exd5 Nb4 13.Ne5 Bd6 14.a3 Nba6 15.Nd2 Bxe5
16.Bxe5 Nxd5 17.Nc4 Be6 18.Bd6 Nac7 19.Bxf8 Qxf8 20.Qc2 Nb5 21.Qb2 Rd8 22.Ne5 Nd4
23.Nf3 Nc3 24.Rfe1 Ncb5 25.Nxd4 Nxd4 26.b4 c4 27.Rad1 Nb3 28.Bf3 Rc8 29.Qc3 a5
30.Bd5 axb4 31.axb4 Bxd5 32.Rxd5 Rc7 33.Re4  1-0

[Event "RUS-ch (Women) sf+"]
[Site "Kolontaevo"]
[Date "1997.??.??"]
[Round "?"]
[White "Mirzoeva, Elvira"]
[Black "Kazarova, Irina"]
[Result "0-1"]
[WhiteElo "2025"]
[BlackElo "2220"]

1.Nf3 d5 2.g3 c6 3.Bg2 Bg4 4.O-O Nd7 5.d4 e6 6.b3 Bd6 7.Bb2 Ngf6 8.Ne5 Bf5
9.Nd2 O-O 10.f3 Bg6 11.e4 dxe4 12.Nxg6 hxg6 13.fxe4 Bc7 14.Ba3 Re8 15.e5 Nh7
16.Qf3 f5 17.Nc4 Nb6 18.Rad1 Ng5 19.Qd3 Nf7 20.h4 Qd7 21.g4 Rad8 22.h5 gxh5
23.gxf5 exf5 24.Rxf5 Nxc4 25.bxc4 Bxe5 26.c3 g6 27.Rf3 Qg4 28.Kh1 Ng5 29.Qxg6+ Bg7
30.Qd3 Nxf3 31.Qxf3 Qxf3 32.Bxf3 Re3 33.Kg2 Rxc3 34.Bc5 Rxc4 35.Bxa7 Rc2+
36.Kh1 Rxa2 37.Bb6 Rf8 38.Bxh5 Rff2 39.Bc7 b5 40.Bg6 Bxd4 41.Be4 c5 42.Rg1+ Kf7
43.Bd5+ Ke7 44.Bg3 Rfe2 45.Rf1 Ra1 46.Bh4+ Kd6 47.Bg2 Rxg2 48.Kxg2 Rxf1 49.Kxf1 Kd5
50.Ke2 Kc4 51.Be1 b4 52.Bd2 b3 53.Kd1 Kd3 54.Kc1 b2+ 55.Kb1 Kxd2 56.Ka2 Kc2  0-1

[Event "RUS-chJM op"]
[Site "Kolontaevo"]
[Date "1997.??.??"]
[Round "?"]
[White "Nureev, Garun"]
[Black "Lebedev, Vasili"]
[Result "1-0"]
[WhiteElo "2370"]
[BlackElo "2185"]

1.Nf3 d5 2.g3 c6 3.Bg2 g6 4.O-O Bg7 5.c4 Nf6 6.Qc2 O-O 7.b3 Nbd7 8.Bb2 Re8
9.cxd5 cxd5 10.Ne5 Nxe5 11.Bxe5 Bg4 12.d4 Rc8 13.Qb2 Bf5 14.Nc3 Ne4 15.Nxe4 Bxe4
16.Bxe4 dxe4 17.Bxg7 Kxg7 18.d5+ Kg8 19.Qd4 f5 20.Qxa7 Qxd5 21.Rfd1 Qb5 22.Rd2 Red8
23.Rad1 Rd6 24.Rxd6 exd6 25.Qd4 Rc6 26.Rd2 b6 27.Kg2 Qc5 28.Qf6 e3 29.Qe6+ Kg7
30.Qe7+ Kg8 31.Qe6+ Kg7 32.Rd5 Qc3 33.Rd3 Qc5 34.Qe7+ Kg8 35.b4  1-0

[Event "Cassovia op"]
[Site "Kosice"]
[Date "1997.??.??"]
[Round "?"]
[White "Ianov, Viktor"]
[Black "Jurcisin, Imrich"]
[Result "1-0"]
[WhiteElo "2300"]
[BlackElo "2025"]

1.Nf3 d5 2.g3 Nf6 3.Bg2 c5 4.O-O Nc6 5.d4 cxd4 6.Nxd4 e5 7.Nxc6 bxc6 8.c4 Be7
9.Nc3 Bb7 10.Qa4 O-O 11.Rd1 d4 12.Bg5 Qc7 13.Bxf6 Bxf6 14.Ne4 Be7 15.c5 a5
16.g4 Bc8 17.h3 Be6 18.Qa3 f5 19.gxf5 Rxf5 20.Qg3 Raf8 21.Rxd4 Qa7 22.Rd2 Bd5
23.Rxd5 cxd5 24.Qb3 Qd7 25.Rd1 Kh8 26.Rxd5 Qe6 27.Rd3 Qh6 28.Qc3 Bh4 29.Rf3 Rxf3
30.exf3 Qc6 31.Qxe5 Bd8 32.Qh5 Be7 33.f4 Qc7 34.Qg4 Rc8 35.Nd6 Bf6 36.Qe6 h6
37.Nxc8  1-0

[Event "Cassovia op"]
[Site "Kosice"]
[Date "1997.??.??"]
[Round "?"]
[White "Likavsky, Tomas"]
[Black "Pcola, Pavel"]
[Result "0-1"]
[WhiteElo "2240"]
[BlackElo "2445"]

1.Nf3 d5 2.g3 Nf6 3.Bg2 c6 4.b3 h6 5.Bb2 Bf5 6.O-O Nbd7 7.d4 e6 8.Nbd2 Bd6
9.Ne5 Qc7 10.Nxd7 Qxd7 11.f3 Bg6 12.e4 Be7 13.e5 Ng8 14.f4 h5 15.Bf3 f6 16.Rc1 fxe5
17.dxe5 Bc5+ 18.Kh1 Ne7 19.c4 Rc8 20.Re1 h4 21.g4 O-O 22.cxd5 cxd5 23.f5 exf5
24.Rxc5 Rxc5 25.e6 Qc8 26.gxf5 Rxf5 27.Bg4 Rf4 28.Be5 Qf8 29.Bxf4 Qxf4 30.Rf1 Qd4
31.Bh5 Qd3 32.Bxg6 Qxg6 33.Qe2 Rc2 34.Qe3 h3 35.Rg1 Rc1 36.Nf1 Rxf1  0-1

[Event "MK Cafe Cup-B"]
[Site "Koszalin"]
[Date "1997.??.??"]
[Round "10"]
[White "Swiatlowski, Lukasz"]
[Black "Izbinski, Bartlomiej"]
[Result "1-0"]
[WhiteElo "2105"]
[BlackElo "2200"]

1.Nf3 d5 2.g3 e6 3.Bg2 c5 4.O-O Nc6 5.d3 Nf6 6.Nbd2 Be7 7.e4 b6 8.Re1 Bb7
9.e5 Nd7 10.Nf1 Qc7 11.c3 O-O-O 12.Bf4 h6 13.h4 Rdg8 14.g4 g5 15.hxg5 hxg5
16.Bg3 Nf8 17.N1h2 Ng6 18.d4 Nf4 19.Bf1 f5 20.exf6 Bd6 21.b4 Nh3+ 22.Kg2 cxd4
23.cxd4 Rf8 24.Rc1 Nxf2 25.Bxf2 Bxh2 26.b5 Qf4 27.Ne5 Rh3 28.bxc6 Rg3+ 29.Kh1 Qxf2
30.cxb7+ Kxb7 31.Ba6+ Kb8 32.Qc2 Qxc2 33.Rxc2  1-0

[Event "RUS-Cup6"]
[Site "Krasnodar"]
[Date "1997.??.??"]
[Round "5"]
[White "Kononenko, Tatiana"]
[Black "Shakhov, Aleksandr E"]
[Result "1-0"]
[WhiteElo "2275"]
[BlackElo "2200"]

1.Nf3 d5 2.g3 c6 3.Bg2 Bg4 4.O-O Nd7 5.b3 Ngf6 6.Bb2 e6 7.d3 Bc5 8.Nbd2 O-O
9.c4 Qe7 10.a3 a5 11.e3 Bh5 12.Qc2 Rfe8 13.Rfe1 Bd6 14.Nh4 Ne5 15.c5 Bc7
16.f4 Ng6 17.Nxg6 Bxg6 18.e4 dxe4 19.dxe4 Nd7 20.b4 e5 21.f5 Bh5 22.h3 f6
23.Nc4 axb4 24.axb4 b6 25.cxb6 Nxb6 26.Ba3 Nxc4 27.Qxc4+ Bf7 28.Qxc6 Bd6
29.Rec1 Rab8 30.Rab1 Bxb4 31.Rxb4 Rxb4 32.Kh2 Qb7 33.Bxb4 Qxb4 34.Rd1 h6
35.Rd7 Rf8 36.Qc7 Qc4 37.Qa7 Qb5 38.g4 Qb8 39.Rxf7  1-0

[Event "Krasnodar"]
[Site "Krasnodar"]
[Date "1997.??.??"]
[Round "8"]
[White "Brodsky, Michail"]
[Black "Egin, Vladimir"]
[Result "1-0"]
[WhiteElo "2515"]
[BlackElo "2425"]

1.Nf3 d5 2.g3 Bg4 3.Bg2 Nd7 4.O-O c6 5.d4 Ngf6 6.Nbd2 e6 7.Re1 Be7 8.e4 dxe4
9.Nxe4 O-O 10.h3 Bh5 11.Nxf6+ Bxf6 12.c3 Qb6 13.g4 Bg6 14.h4 h5 15.Ng5 hxg4
16.Qxg4 Bd8 17.Bf3 Nf6 18.Qg2 Bh5 19.Re5 Bc7 20.Rc5 Bg6 21.h5 Bc2 22.Nh3 Kh8
23.Rg5 Rg8 24.b3 Nh7 25.Be4 Bxe4 26.Qxe4 Rad8 27.Qf3 Rd7 28.Rg2 Qa5 29.Bf4 Qf5
30.Qg3 e5 31.dxe5 Rd3 32.f3 Qxh5  1-0

[Event "SLO-ch"]
[Site "Krsko"]
[Date "1997.??.??"]
[Round "?"]
[White "Velickovic, Zoran"]
[Black "Zupe, Miran"]
[Result "0-1"]
[WhiteElo "2280"]
[BlackElo "2410"]

1.Nf3 d5 2.g3 c6 3.Bg2 f5 4.O-O Nf6 5.c4 e6 6.d4 Bd6 7.b3 Qe7 8.Bb2 Nbd7
9.Nbd2 O-O 10.Qc2 Ne4 11.e3 Ba3 12.Bxa3 Qxa3 13.c5 Qa5 14.a3 e5 15.b4 Qc7
16.a4 Nxd2 17.Nxd2 e4 18.Rfb1 Nf6 19.b5 Bd7 20.b6 Qb8 21.bxa7 Rxa7 22.a5 Qc7
23.Rb6 Rfa8 24.Qc3 Bc8 25.Bf1 h6 26.Nb3 Kh7 27.a6 bxa6 28.Na5 Bd7 29.Rab1 Qc8
30.Nb7 a5 31.Nd6 Qf8 32.Rb7 a4 33.Qa3 Qd8 34.R1b4 Rxb7 35.Nxb7 Qc7 36.Nd6 h5
37.Rxa4 Rxa4 38.Qxa4 Qb8  0-1

[Event "SLO-ch"]
[Site "Krsko"]
[Date "1997.??.??"]
[Round "?"]
[White "Velickovic, Zoran"]
[Black "Sitnik, Igor"]
[Result "1-0"]
[WhiteElo "2280"]
[BlackElo "2250"]

1.Nf3 d5 2.g3 Nf6 3.c4 e6 4.Bg2 Be7 5.O-O O-O 6.d4 Nbd7 7.Qc2 c6 8.Rd1 Ne4
9.Nc3 f5 10.b3 Qa5 11.Bb2 b5 12.Nxe4 fxe4 13.Nd2 bxc4 14.bxc4 Nb6 15.a4 Bd7
16.c5 Nc8 17.Nxe4 dxe4 18.Bxe4 Bf6 19.Bxh7+ Kh8 20.Ra3 Rb8 21.Bc3 Qd8 22.f4 Ne7
23.Be4 Nd5 24.Ba1 Be8 25.Bf3 g6 26.e4 Ne7 27.h4 Bg7 28.Bc3 Bf7 29.Kg2 Qd7
30.Qe2 Rb7 31.h5 Kg8 32.Rb1 Rfb8 33.h6 Bh8 34.h7+ Kf8 35.d5 Bxc3 36.Rxc3 Kg7
37.d6 e5 38.dxe7 Qxe7 39.Qd2 Rb4 40.Qd6 Rb2+ 41.Kh3 Qxd6 42.cxd6 Be6+ 43.Kh4 exf4
44.gxf4 Kxh7 45.Kg5 Kg7 46.Rxc6 Rd8 47.Rc7+ Rd7 48.Rxd7+ Bxd7 49.Rc1  1-0

[Event "RUS-Cup7"]
[Site "Kstovo"]
[Date "1997.??.??"]
[Round "8"]
[White "Vaulin, Alexander"]
[Black "Alavkin, Arseny"]
[Result "1-0"]
[WhiteElo "2490"]
[BlackElo "2375"]

1.Nf3 d5 2.g3 Bg4 3.Bg2 c6 4.c4 e6 5.cxd5 Bxf3 6.Bxf3 exd5 7.O-O Nf6 8.d3 Nbd7
9.Nc3 Be7 10.e4 Ne5 11.Be2 dxe4 12.dxe4 O-O 13.Be3 Qa5 14.a3 Rad8 15.b4 Qc7
16.Qc2 a5 17.Rab1 axb4 18.axb4 Qc8 19.f4 Ng6 20.Bb6 Rde8 21.Rfd1 Bd8 22.Bd4 Kh8
23.e5 Ng8 24.Ne4 Be7 25.Bc5 Qf5 26.Bd3 Bxc5+ 27.Nxc5 Qh5 28.Be2 Qh3 29.Nd7 f6
30.Nxf8 Nxf8 31.b5 fxe5 32.bxc6 bxc6 33.Qxc6 Rc8 34.Qf3 exf4 35.Qxf4 Ng6
36.Qg4 Qxg4 37.Bxg4 Rf8 38.Bh5 N6e7 39.Rb7 g6 40.Bg4 Nf6 41.Rxe7 Nxg4 42.Rd4 Nf6
43.Rf4 Kg8 44.Ra7 Rf7 45.Rxf7 Kxf7 46.Kg2 g5 47.Ra4 Kg6 48.Kf3 Kf5 49.h3 h6
50.Ke3 Kg6 51.Ra6 Kg7 52.Rc6 Nh5 53.Kf3 Nf6 54.g4 Ng8 55.Ke4 Ne7 56.Rc7 Kf6
57.Ra7 Ng8 58.Ra6+ Kg7 59.Ke5 Kf7 60.Ra7+ Kg6 61.Rb7  1-0

[Event "La Pobla de Lillet op"]
[Site "La Pobla de Lillet"]
[Date "1997.??.??"]
[Round "4"]
[White "Spassov, Liuben"]
[Black "Arencibia, Walter"]
[Result "0-1"]
[WhiteElo "2425"]
[BlackElo "2560"]

1.Nf3 d5 2.g3 Nf6 3.Bg2 Bf5 4.b3 e6 5.Bb2 h6 6.O-O Be7 7.c4 c6 8.d3 O-O 9.Na3 Nbd7
10.Nc2 Bh7 11.Qd2 a5 12.a3 Nc5 13.Ncd4 dxc4 14.bxc4 Bd6 15.Rad1 e5 16.Nc2 Qe7
17.Nfe1 Rfe8 18.Bh3 a4 19.Ng2 Nb3 20.Qc3 Bc7 21.Ba1 Bb6 22.Qb2 Bg6 23.Kh1 Bh5
24.f3 Nh7 25.Nh4 Qd8 26.Qa2 Nd4 27.Ne1 Ng5 28.Bg2 Nge6 29.e3 Nb3 30.Bxe5 Bxe3
31.Nf5 Bd4 32.Nxd4 Nexd4 33.Bxd4 Qxd4 34.Qf2 Rad8 35.Qxd4 Nxd4 36.Rf2 Re3
37.Kg1 Bg6 38.f4 Rde8 39.Rf1 Bh5 40.Rb1 R8e7 41.Bh3 f5 42.c5 Be2 43.Rf2 Bg4  0-1

[Event "La Pobla de Lillet op"]
[Site "La Pobla de Lillet"]
[Date "1997.??.??"]
[Round "7"]
[White "Marin, Mihail"]
[Black "Arencibia, Walter"]
[Result "1/2-1/2"]
[WhiteElo "2545"]
[BlackElo "2560"]

1.Nf3 d5 2.g3 Nf6 3.Bg2 Bf5 4.O-O e6 5.d3 Be7 6.Nbd2 h6 7.e3 O-O 8.Qe2 Bh7
9.e4 c5 10.Ne5 Nbd7 11.Nxd7 Qxd7 12.e5 Ne8 13.f4 Nc7 14.Bh3 c4 15.g4 cxd3
16.cxd3  1/2-1/2

[Event "La Pobla de Lillet op"]
[Site "La Pobla de Lillet"]
[Date "1997.??.??"]
[Round "8"]
[White "Spassov, Liuben"]
[Black "Serra Pages, Jordi"]
[Result "1-0"]
[WhiteElo "2425"]
[BlackElo "2095"]

1.Nf3 d5 2.g3 Nf6 3.Bg2 e6 4.c4 Be7 5.O-O O-O 6.d4 dxc4 7.Qc2 a6 8.a4 Nbd7
9.Nbd2 c5 10.dxc5 Bxc5 11.a5 c3 12.Qxc3 Nd5 13.Qd3 b5 14.axb6 Bxb6 15.Nc4 Bc7
16.Rd1 Rb8 17.Ng5 N7f6 18.e4 Nb6 19.Qc2 Qe7 20.e5 Rd8 21.Rxd8+  1-0

[Event "Gran Canaria op"]
[Site "Las Palmas"]
[Date "1997.??.??"]
[Round "?"]
[White "San Segundo, Pablo"]
[Black "Magem Badals, Jorge"]
[Result "1/2-1/2"]
[WhiteElo "2495"]
[BlackElo "2560"]

1.Nf3 d5 2.g3 c6 3.Bg2 Bg4 4.b3 Nd7 5.Bb2 e6 6.O-O Ngf6 7.d3 Be7 8.Nbd2 O-O
9.h3 Bh5 10.e3 a5 11.a4 b5  1/2-1/2

[Event "US-op"]
[Site "Las Vegas"]
[Date "1997.??.??"]
[Round "1"]
[White "Owen, John"]
[Black "Mitkov, Nikola"]
[Result "0-1"]
[WhiteElo "2080"]
[BlackElo "2525"]

1.Nf3 d5 2.g3 Bg4 3.Bg2 Nd7 4.d3 e6 5.h3 Bh5 6.O-O Bd6 7.Nc3 c6 8.e4 Ne7
9.Ne2 e5 10.Nh4 f6 11.c3 Qc7 12.Qc2 a5 13.a4 dxe4 14.dxe4 Bf7 15.b3 Nc5 16.Rb1 O-O
17.Nf5 Nxf5 18.exf5 Rfd8 19.f4 Qb6 20.Be3 Bxb3 21.Qb2 Qa6 22.fxe5 fxe5 23.f6 Bc4
24.f7+ Kh8 25.Bf3 Bxf7 26.Bxc6 bxc6 27.Rxf7 Rab8 28.Qxb8 Bxb8 29.Bxc5 Qxe2
30.Rbf1 h6 31.Bf8 Ba7+ 32.Kh1 Qe4+ 33.Kh2 Rd2+  0-1

[Event "Lazne Bohdanec-B"]
[Site "Lazne Bohdanec"]
[Date "1997.??.??"]
[Round "?"]
[White "Lipka, Juraj"]
[Black "Malivanek, Jiri"]
[Result "1/2-1/2"]
[WhiteElo "2370"]
[BlackElo "2240"]

1.Nf3 d5 2.g3 c6 3.Bg2 Bf5 4.c4 e6 5.O-O Nf6 6.b3 Nbd7 7.Bb2 Be7 8.d3 O-O
9.Nbd2 Qc7 10.Rc1 Rad8 11.Nh4 Bg6 12.Nxg6 hxg6 13.Rc2 Qb8 14.Qa1 Ne8 15.Nf3 Bf6
16.Bh3 Bxb2 17.Qxb2 Nef6 18.Rfc1 Qd6 19.cxd5 Nxd5 20.Nd2 Qe5 21.Qxe5 Nxe5
22.Nc4 Nd7 23.Nd6 Rb8 24.a3 Rfd8 25.b4 Kf8 26.Bg2 Ke7 27.Ne4 N5f6 28.Nd2 Nb6
29.Nb3 Nfd5 30.Nc5 Nd7 31.Nb3 Kd6 32.d4 Rdc8 33.Na5 N7b6 34.e3 Kd7 35.Nb3 Na4
36.Na5 Nab6 37.Bf1 Nc7 38.Bd3 a6 39.Ra2 Nb5 40.a4 Nd6 41.Nb3 Rc7 42.Nc5+ Kd8
43.Rb2 Rbc8 44.h4 Re7 45.Kg2 Rcc7 46.Rh1 e5 47.dxe5 Rxe5 48.e4 Nd7 49.f4 Re8
50.e5 Nf5 51.Rd2 Ke7 52.Bxf5 gxf5 53.a5 b6 54.axb6 Nxb6 55.Nxa6 Ra7 56.Nc5 Nd5
57.Rb1 Rb8 58.Rd4 Ra2+ 59.Kh1 Rc2 60.Ra1 Rxb4 61.Ra7+ Ke8 62.Rxb4 Nxb4 63.Nb7 Kd7
64.Nd6+ Ke6 65.Nxf7 c5 66.Ng5+ Kd5 67.Rd7+ Kc6 68.e6 Re2 69.Rd8 Nd5 70.Nf3 Rxe6
71.Ne5+ Rxe5 72.fxe5 c4 73.Rc8+ Nc7 74.Rf8 c3 75.Rxf5 c2 76.Rf1 Nd5 77.e6 Kd6
78.Re1 Ke7 79.Rc1 Nb4 80.Kh2 Kxe6 81.g4 Ke5 82.Kh3 Ke4 83.g5 Kf4 84.Rf1+ Ke5  1/2-1/2

[Event "Lazne Bohdanec"]
[Site "Lazne Bohdanec"]
[Date "1997.??.??"]
[Round "7"]
[White "Mirumian, Vigen"]
[Black "Keitlinghaus, Ludger"]
[Result "1/2-1/2"]
[WhiteElo "2425"]
[BlackElo "2515"]

1.Nf3 d5 2.g3 Bf5 3.Bg2 e6 4.O-O Nf6 5.d3 Be7 6.Nc3 h6 7.Nd2 e5 8.e4 dxe4
9.Ncxe4 Nxe4 10.dxe4 Be6 11.Qe2 Nc6 12.c3 Bc5 13.b4 Bb6 14.a4 a5 15.b5 Ne7
16.Nc4 Bxc4 17.Qxc4 Qd6 18.Bh3 O-O 19.Be3 Qf6 20.Rad1 Rfd8 21.Bc5 Ng6 22.Bxb6 Qxb6
23.Bg4 Ne7 24.Rd3 Rxd3 25.Qxd3 Kf8 26.Kg2 Ng8 27.Bd1 Nf6 28.Bb3 Qc5 29.h3 Re8
30.Rd1 g6 31.Rf1 Kg7 32.f4 Re7 33.fxe5 Qxe5 34.Rf4 g5 35.Rf3 Qxe4 36.Qd8 h5
37.Qd3 Qxd3 38.Rxd3 Rd7 39.Re3 Rd2+ 40.Kf3 Rb2 41.Bc4 Kf8 42.Rd3 Ke7 43.Re3+ Kf8
44.Rd3 Rc2 45.Bb3 Rc1 46.Ke3 Re1+ 47.Kd4 b6 48.Rf3 Ke7 49.Rf5 g4 50.h4 Rb1
51.Bc4 Rd1+ 52.Ke3 Re1+ 53.Kd4 Rd1+ 54.Ke3 Rg1 55.Kf4 Re1 56.Bd3 Re6 57.Bc2 c6
58.Bb3 Rd6 59.Re5+ Kf8 60.Rf5 cxb5 61.axb5 Ke7 62.Re5+ Kf8 63.Rf5 Ke7 64.Re5+ Kf8  1/2-1/2

[Event "Leeuwarden op"]
[Site "Leeuwarden"]
[Date "1997.??.??"]
[Round "3"]
[White "Hartoch, Robert G"]
[Black "Jonkman, Harmen"]
[Result "1/2-1/2"]
[WhiteElo "2315"]
[BlackElo "2365"]

1.Nf3 d5 2.g3 c6 3.Bg2 Bg4 4.O-O Nd7 5.d3 Ngf6 6.Qe1 e5 7.e4 dxe4 8.dxe4 Bc5
9.Nbd2 O-O 10.h3 Bh5 11.Nb3 Bd6 12.Nh4 Re8 13.Be3 Qc7 14.f3 Nb6 15.Nd2 Nfd7
16.Qe2 Bc5 17.Rfd1 Rad8 18.a4 a5 19.Bf1 f6 20.Nb3 Bxe3+ 21.Qxe3 Nc8 22.Qc3 b6
23.Nf5 Nb8 24.Nd2 Bf7 25.Nc4 Be6 26.Nce3 g6 27.Nh6+ Kg7 28.Nhg4 h5 29.Nf2 Rxd1
30.Rxd1 Rd8 31.Rxd8 Qxd8 32.Bc4 Qe7 33.Bxe6  1/2-1/2

[Event "Leeuwarden op"]
[Site "Leeuwarden"]
[Date "1997.??.??"]
[Round "4"]
[White "Landa, Konstantin"]
[Black "Van der Werf, Mark"]
[Result "1/2-1/2"]
[WhiteElo "2560"]
[BlackElo "2410"]

1.Nf3 d5 2.g3 c6 3.Bg2 Bg4 4.O-O Nd7 5.d3 Ngf6 6.Nbd2 e5 7.e4 dxe4 8.dxe4 Bc5
9.h3 Bxf3 10.Qxf3 O-O 11.Nc4 Be7 12.Re1 Qc7 13.Ne3 g6 14.Nf1 Nc5 15.h4 Rad8
16.Bg5 Ne6 17.Bxf6 Nd4 18.Qd1 Bxf6 19.c3 Ne6 20.Qf3 Be7 21.Red1 Qb6 22.Qe2 a5
23.Ne3 Qc7 24.Bh3 Nc5 25.Qc2 a4 26.b4 axb3 27.axb3 Rxd1+ 28.Rxd1 Rd8 29.b4 Rxd1+
30.Nxd1 Nd7 31.Qd3 Nf6 32.Ne3 b5 33.Ng4  1/2-1/2

[Event "Leeuwarden op"]
[Site "Leeuwarden"]
[Date "1997.??.??"]
[Round "5"]
[White "Peelen, Piet"]
[Black "Landa, Konstantin"]
[Result "1/2-1/2"]
[WhiteElo "2350"]
[BlackElo "2560"]

1.Nf3 d5 2.g3 c6 3.Bg2 Bg4 4.O-O Nd7 5.d4 e6 6.c4 Ngf6 7.b3 Be7 8.Bb2 O-O
9.Nc3 a6 10.Ne5 Nxe5 11.dxe5 Nd7 12.Qd2 Nc5 13.Rad1  1/2-1/2

[Event "Lichtenstein op"]
[Site "Lichtenstein"]
[Date "1997.??.??"]
[Round "2"]
[White "Dorner, Guenther"]
[Black "Donev, Ivo Hristov"]
[Result "0-1"]
[WhiteElo "2125"]
[BlackElo "2420"]

1.Nf3 d5 2.g3 Bg4 3.h3 Bh5 4.d4 e6 5.Bg2 Nd7 6.b3 Bd6 7.c4 Ngf6 8.c5 Bxf3
9.exf3 Nxc5 10.dxc5 Be5 11.Qe2 Bxa1 12.O-O c6 13.Qc2 O-O  0-1

[Event "Lichtenstein op"]
[Site "Lichtenstein"]
[Date "1997.??.??"]
[Round "8"]
[White "Schindler, Samuel"]
[Black "Grinfeld, Alla B"]
[Result "1/2-1/2"]
[WhiteElo "2050"]
[BlackElo "2280"]

1.Nf3 d5 2.g3 c6 3.Bg2 Bg4 4.b3 Nd7 5.Bb2 e6 6.O-O Ngf6 7.d3 Bc5 8.Nbd2 O-O
9.e4 dxe4 10.dxe4 e5 11.h3 Bxf3 12.Qxf3 Nb6 13.Rfd1 Qe7 14.a4 a5 15.Bf1 Nfd7
16.h4 Rfd8 17.Bh3 Bd4 18.Ba3 Bc5 19.Bb2 Bd4 20.Ba3 Bc5 21.Bb2  1/2-1/2

[Event "Linares Mex"]
[Site "Linares"]
[Date "1997.??.??"]
[Round "2"]
[White "Blanco Sing, Israel"]
[Black "Escobedo Tinajero, Alberto"]
[Result "1/2-1/2"]
[WhiteElo "2365"]
[BlackElo "2385"]

1.Nf3 d5 2.g3 Nf6 3.Bg2 c5 4.O-O Nc6 5.c4 d4 6.d3 e5 7.b4 cxb4 8.a3 bxa3
9.Nfd2 Bd7 10.Nb3 h5 11.h4 Qc8 12.Re1 Bh3 13.Bh1 Bb4 14.Bxa3 Bxa3 15.Nxa3 O-O
16.Qd2 Ng4 17.Nb5 Rd8 18.c5 Qe6 19.Ra3 Rac8 20.Nd6 Rc7 21.Qg5 g6 22.Na5 Rxd6
23.cxd6 Qxd6 24.Nc4 Qc5 25.Rea1 Kg7 26.Be4 b5 27.Na5 b4 28.Rc1 Qb5 29.Raa1 b3
30.Bxc6 Rxc6 31.Rxc6 b2 32.Rb1 Qxa5 33.Rc2 Ne3 34.Rcxb2 Qd5 35.f3 f6 36.Rb5 Qd6
37.Rb7+ Bd7 38.Rxa7 fxg5 39.Rbb7 Qc6 40.Rxd7+ Kf6 41.Rf7+ Ke6 42.Rae7+ Kd6
43.Rd7+ Ke6  1/2-1/2

[Event "Anibal op 4th"]
[Site "Linares"]
[Date "1997.??.??"]
[Round "5"]
[White "Miles, Anthony J"]
[Black "Giorgadze, Giorgi"]
[Result "1/2-1/2"]
[WhiteElo "2550"]
[BlackElo "2595"]

1.Nf3 d5 2.g3 g6 3.c4 e6 4.Bg2 Bg7 5.O-O Ne7 6.d4 Nbc6 7.e3 O-O 8.Qc2 dxc4
9.Na3 e5 10.Nxe5 Nxe5 11.dxe5 Bxe5 12.Nxc4 Bg7 13.Rd1 Qe8 14.Bd2 Bg4 15.Rdc1 Rb8
16.Bc3 Bf5 17.Qb3 Bxc3 18.Qxc3 c6 19.Rd1 Nc8 20.Rd4 Qe7 21.Rad1 Be6 22.h3 Nb6
23.Na5 Rfc8 24.Nb3 Nd5 25.Qc1 b6 26.Qd2 Nf6 27.Qc3  1/2-1/2

[Event "Anibal op 4th"]
[Site "Linares"]
[Date "1997.??.??"]
[Round "10"]
[White "Pigusov, Evgeny"]
[Black "Vera, Reynaldo"]
[Result "0-1"]
[WhiteElo "2565"]
[BlackElo "2510"]

1.Nf3 d5 2.g3 Nc6 3.d4 Bf5 4.c4 e6 5.Bg2 Nb4 6.Na3 Be7 7.O-O c6 8.Bd2 Nf6
9.c5 Na6 10.b4 Nc7 11.Qb3 a6 12.Nb1 Ne4 13.Be1 h5 14.Ne5 f6 15.Nd3 Ng5 16.f3 Nh3+
17.Kh1 h4 18.gxh4 Bxd3 19.Qxd3 Nf4 20.Qe3 e5 21.Nd2 Nce6 22.Nb3 Qd7 23.Rd1 a5
24.bxa5 Nxd4 25.Nxd4 Bxc5 26.Bg3 Nxg2 27.Kxg2 O-O 28.Qb3 Bxd4 29.f4 Rfe8
30.e3 exf4 31.Bxf4 Qg4+  0-1

[Event "Lippstadt"]
[Site "Lippstadt"]
[Date "1997.??.??"]
[Round "6"]
[White "Matthias, Heiner"]
[Black "Luther, Thomas"]
[Result "1/2-1/2"]
[WhiteElo "2355"]
[BlackElo "2525"]

1.Nf3 d5 2.g3 Bg4 3.Bg2 Nd7 4.d4 e6 5.O-O Ngf6 6.Bg5 Be7 7.Nbd2 O-O 8.Re1 h6
9.Bxf6 Bxf6 10.c3 c5 11.Qb3 Qb6 12.e4 cxd4 13.Qxb6 Nxb6 14.Nxd4 Rfd8 15.h3 Bh5
16.exd5 Nxd5 17.N2f3 Bxf3 18.Nxf3 Nb6 19.Ne5 Rab8 20.Ng4 Be7 21.Rad1 Na4
22.Rxd8+ Rxd8 23.Re2 Rd1+ 24.Kh2 b6 25.Ne5 Bf6 26.Nc6 Rb1 27.Nxa7 Rxb2 28.Rxb2 Nxb2
29.Nb5 Nd1 30.Kg1 Nxc3 31.Nxc3 Bxc3 32.Kf1 f5 33.Ke2 Kf7 34.Bc6 Kf6 35.f4 g5
36.Kf3 Bd2 37.a4 Bc1 38.Bb5 e5 39.fxe5+ Kxe5 40.g4 f4  1/2-1/2

[Event "Lilie op"]
[Site "Litomysl"]
[Date "1997.??.??"]
[Round "6"]
[White "Badea, Bela"]
[Black "Rausch, Stephan"]
[Result "1-0"]
[WhiteElo "2525"]
[BlackElo "2350"]

1.Nf3 d5 2.g3 c6 3.Bg2 Bg4 4.O-O Nd7 5.d4 e6 6.Nbd2 Ngf6 7.Re1 Be7 8.e4 dxe4
9.Nxe4 Nxe4 10.Rxe4 Nf6 11.Re1 Qb6 12.c3 O-O 13.a4 a5 14.h3 Bxf3 15.Qxf3 Rfd8
16.Qe2 Rd7 17.h4 c5 18.Be3 Rad8 19.Qb5 Qc7 20.dxc5 Ng4 21.b4 axb4 22.cxb4 Bf6
23.Rac1 Nxe3 24.Rxe3 Bd4 25.Rf3 Re7 26.Re1 g6 27.a5 e5 28.Ra3 Qc8 29.a6 bxa6
30.Qxa6 Qf5 31.Qe2 Rb8 32.Ra8 Rxa8 33.Bxa8 Qc8 34.Bg2 Ra7 35.c6 Ra3 36.Kh2 Rb3
37.Qc4 Rc3 38.Qa2 Qf5 39.Re2 g5 40.hxg5 Qxg5 41.Rc2 Qh5+ 42.Bh3 Qf3 43.Rxc3 Qxc3
44.b5 Bb6 45.Qe2 Qc5 46.Bf5 h6 47.Kh3 Kg7 48.Be4 Kf6 49.Qf3+ Ke7 50.Qf5 Qd6
51.Kg2 Qd4 52.Bd3 Qd5+ 53.Kf1 Qd4 54.Be2 Qd5 55.Bh5 Qe6 56.Qe4 f5 57.Qc2 Kd8
58.Qa4 Kc7 59.Qa6 Qc8 60.Qa2 f4 61.Qf7+ Kd6 62.gxf4 exf4 63.Qxf4+ Kc5 64.Qe5+ Kb4
65.Qb2+ Kc5 66.Qc3+ Kd6 67.Qa3+ Ke5 68.Qg3+ Kd5 69.Bf3+ Kc5 70.Qe5+ Kb4 71.Qb2+ Kc5
72.Qc3+ Kd6 73.Qb4+ Ke5 74.Qe4+  1-0